Software engineering A practitioner's approach
שמור ב:
| מחבר ראשי: | |
|---|---|
| פורמט: | ספר |
| שפה: | Undetermined |
| יצא לאור: |
Baston, Massachusetts
McGraw-Hill
2001
|
| נושאים: | |
| תגים: |
הוספת תג
אין תגיות, היה/י הראשונ/ה לתייג את הרשומה!
|
| Thư viện lưu trữ: | Trung tâm Học liệu Trường Đại học Cần Thơ |
|---|
| LEADER | 00496nam a2200181Ia 4500 | ||
|---|---|---|---|
| 001 | CTU_50506 | ||
| 008 | 210402s9999 xx 000 0 und d | ||
| 082 | |a 005.1 | ||
| 082 | |b P934 | ||
| 100 | |a ROGER S PRESSMAN | ||
| 245 | 0 | |a Software engineering | |
| 245 | 2 | |b A practitioner's approach | |
| 245 | 0 | |c ROGER S PRESSMAN | |
| 260 | |a Baston, Massachusetts | ||
| 260 | |b McGraw-Hill | ||
| 260 | |c 2001 | ||
| 650 | |a software engineering | ||
| 980 | |a Trung tâm Học liệu Trường Đại học Cần Thơ | ||